[Event "Anderssen Festival 2019"]
[Site "Wroclaw"]
[Date "2019.08.06"]
[Round "2.15"]
[White "Zgadzaj, Rafal"]
[Black "Zerebiec, Maurycy"]
[Result "1-0"]
[WhiteElo "2133"]
[BlackElo "1708"]
[Annotator "NA"]
[PlyCount "85"]
[EventDate "2019.08.05"]
[EventType "swiss"]
[EventCountry "POL"]
[SourceTitle "playchess.com"]
[Source "ChessBase"]
[SourceQuality "1"]
[TimeControl "40/5400+30:900+30"]

1. f4 {[%emt 0:02:01]} e6 {[%emt 0:00:39]} 2. Nf3 {[%emt 0:00:15]} d5 {[%emt 0:00:05]} 3. g3 {[%emt 0:00:34]} g6 {[%emt 0:00:26]} 4. Bg2 {[%emt 0:00:08]} Bg7 {[%emt 0:00:06]} 5. c3 {[%emt 0:00:43]} f5 {[%emt 0:00:39]} 6. O-O {[%emt 0:00:20]} Nf6 {[%emt 0:00:09]} 7. d3 {[%emt 0:01:59]} b6 {[%emt 0:00:28]} 8. a4 {[%emt 0:01:35]} a5 {[%emt 0:01:19]} 9. Na3 {[%emt 0:03:06]} O-O {[%emt 0:00:30]} 10. Qc2 {[%emt 0:01:24]} Bb7 {[%emt 0:00:10]} 11. Bd2 {[%emt 0:00:43]} c5 {[%emt 0:00:33]} 12. Nb5 {[%emt 0:13:28]} Na6 {[%emt 0:03:26]} 13. Rae1 {[%emt 0:00:53]} h6 {[%emt 0:00:38]} 14. Bc1 {[%emt 0:02:19]} Nc7 {[%emt 0:01:24]} 15. Ne5 {[%emt 0:04:16]} Kh7 {[%emt 0:02:21]} 16. Na3 {[%emt 0:09:49]} Nce8 {[%emt 0:04:35]} 17. e4 {[%emt 0:02:13]} dxe4 {[%emt 0:05:38]} 18. dxe4 {[%emt 0:01:36]} Nxe4 {[%emt 0:02:34]} 19. Rd1 {[%emt 0:02:34]} Qc8 {[%emt 0:12:48]} 20. Nd7 {[%emt 0:05:58]} Qc6 {[%emt 0:03:40]} 21. Nxf8+ {[%emt 0:00:13]} Bxf8 {[%emt 0:00:05]} 22. Nc4 {[%emt 0:01:39]} N8f6 {[%emt 0:01:02]} 23. Qb3 {[%emt 0:09:25]} Ba6 {[%emt 0:05:08]} 24. Rfe1 {[%emt 0:11:57]} b5 {[%emt 0:03:34]} 25. axb5 {[%emt 0:03:15]} Bxb5 {[%emt 0:00:12]} 26. Ne5 {[%emt 0:01:37]} c4 {[%emt 0:06:59]} 27. Nxc6 {[%emt 0:01:16]} cxb3 {[%emt 0:00:08]} 28. Nd4 {[%emt 0:01:35]} Bc5 {[%emt 0:00:06]} 29. Bf1 {[%emt 0:02:50]} Bxf1 {[%emt 0:11:02]} 30. Kxf1 {[%emt 0:00:10]} Bxd4 {[%emt 0:00:04]} 31. Rxd4 {[%emt 0:01:17]} a4 {[%emt 0:00:19]} 32. Rb4 {[%emt 0:02:38]} Nd5 {[%emt 0:01:29]} 33. Rb7+ {[%emt 0:00:18]} Kg8 {[%emt 0:00:07]} 34. c4 {[%emt 0:01:58]} Ndf6 {[%emt 0:01:30]} 35. Rd1 {[%emt 0:04:34]} Kf8 {[%emt 0:00:44]} 36. Be3 {[%emt 0:02:56]} Ng4 {[%emt 0:06:55]} 37. Bg1 {[%emt 0:00:30]} Ngf6 {[%emt 0:00:22]} 38. Bd4 {[%emt 0:01:21]} Ng4 {[%emt 0:00:35]} 39. h3 {[%emt 0:02:16]} Ngf6 {[%emt 0:02:41]} 40. Kg2 {[%emt 0:00:00]} Nh5 {[%emt 0:00:00]} 41. Be5 {[%emt 0:02:44]} Kg8 {[%emt 0:03:17]} 42. Rdd7 {[%emt 0:01:31]} Nc5 {[%emt 0:00:15]} 43. Rh7 {[%emt 0:02:13]} 1-0

[Event "Anderssen Festival 2019"]
[Site "Wroclaw"]
[Date "2019.08.06"]
[Round "2.16"]
[White "Skiba, Krzysztof"]
[Black "Gorny, Michael"]
[Result "1-0"]
[WhiteElo "1722"]
[BlackElo "2067"]
[Annotator "NA"]
[PlyCount "125"]
[EventDate "2019.08.05"]
[EventType "swiss"]
[EventCountry "POL"]
[SourceTitle "playchess.com"]
[Source "ChessBase"]
[SourceQuality "1"]
[TimeControl "40/5400+30:900+30"]

1. d4 {[%emt 0:00:00]} Nf6 {[%emt 0:11:55]} 2. e3 {[%emt 0:00:00]} g6 {[%emt 0:01:30]} 3. Bd3 {[%emt 0:00:00]} Bg7 {[%emt 0:01:55]} 4. f4 {[%emt 0:00:00]} c5 {[%emt 0:01:59]} 5. c3 {[%emt 0:00:01]} d6 {[%emt 0:01:45]} 6. Nf3 {[%emt 0:00:06]} O-O {[%emt 0:02:20]} 7. O-O {[%emt 0:00:05]} Nc6 {[%emt 0:03:44]} 8. Nbd2 {[%emt 0:12:34]} cxd4 {[%emt 0:04:13]} 9. exd4 {[%emt 0:00:09]} e5 {[%emt 0:00:23]} 10. fxe5 {[%emt 0:08:15]} dxe5 {[%emt 0:00:35]} 11. Nxe5 {[%emt 0:01:58]} Nxe5 {[%emt 0:02:59]} 12. dxe5 {[%emt 0:00:05]} Ng4 {[%emt 0:00:52]} 13. Ne4 {[%emt 0:04:19]} Nxe5 {[%emt 0:12:58]} 14. Bc2 {[%emt 0:00:13]} Qb6+ {[%emt 0:07:01]} 15. Kh1 {[%emt 0:00:33]} Be6 {[%emt 0:00:41]} 16. b3 {[%emt 0:07:32]} Rad8 {[%emt 0:01:35]} 17. Qe1 {[%emt 0:01:16]} Bf5 {[%emt 0:06:40]} 18. Ba3 {[%emt 0:11:01]} Rfe8 {[%emt 0:01:00]} 19. Qh4 {[%emt 0:01:10]} h6 {[%emt 0:07:28]} 20. Be7 {[%emt 0:07:33]} Rxe7 {[%emt 0:13:07]} 21. Qxe7 {[%emt 0:01:18]} Ng4 {[%emt 0:01:36]} 22. Rae1 {[%emt 0:05:32]} Bxe4 {[%emt 0:02:12]} 23. Qxf7+ {[%emt 0:00:51]} Kh7 {[%emt 0:02:37]} 24. Bxe4 {[%emt 0:05:30]} Rf8 {[%emt 0:00:25]} 25. Qxg6+ {[%emt 0:00:52]} Qxg6 {[%emt 0:00:18]} 26. Bxg6+ {[%emt 0:00:02]} Kxg6 {[%emt 0:00:12]} 27. Rxf8 {[%emt 0:00:04]} Bxf8 {[%emt 0:00:10]} 28. h3 {[%emt 0:03:23]} Nf6 {[%emt 0:00:24]} 29. g4 {[%emt 0:03:17]} a5 {[%emt 0:00:47]} 30. Re6 {[%emt 0:04:24]} Bc5 {[%emt 0:01:35]} 31. b4 {[%emt 0:02:50]} axb4 {[%emt 0:02:08]} 32. cxb4 {[%emt 0:00:01]} Bxb4 {[%emt 0:01:28]} 33. Rb6 {[%emt 0:00:02]} Bd2 {[%emt 0:01:59]} 34. Rxb7 {[%emt 0:00:03]} Ne4 {[%emt 0:00:40]} 35. Kg2 {[%emt 0:01:21]} Kf6 {[%emt 0:00:49]} 36. Kf3 {[%emt 0:04:56]} Nd6 {[%emt 0:01:32]} 37. Rb6 {[%emt 0:01:33]} Ke5 {[%emt 0:00:21]} 38. Ke2 {[%emt 0:01:27]} Bg5 {[%emt 0:01:00]} 39. Kf3 {[%emt 0:00:45]} Kd5 {[%emt 0:00:38]} 40. Rb8 {[%emt 0:00:00]} Kc6 {[%emt 0:00:00]} 41. Rh8 {[%emt 0:02:08]} Nb5 {[%emt 0:10:52]} 42. h4 {[%emt 0:00:14]} Bd2 {[%emt 0:00:18]} 43. Ke2 {[%emt 0:01:10]} Bf4 {[%emt 0:00:22]} 44. Kd3 {[%emt 0:00:14]} Kb6 {[%emt 0:00:46]} 45. Rg8 {[%emt 0:01:47]} Kc6 {[%emt 0:04:33]} 46. g5 {[%emt 0:01:23]} hxg5 {[%emt 0:00:28]} 47. hxg5 {[%emt 0:00:02]} Nc7 {[%emt 0:03:29]} 48. g6 {[%emt 0:00:29]} Be5 {[%emt 0:00:24]} 49. Ke4 {[%emt 0:01:11]} Bb2 {[%emt 0:00:25]} 50. g7 {[%emt 0:01:49]} Bf6 {[%emt 0:01:56]} 51. Kf5 {[%emt 0:00:14]} Bc3 {[%emt 0:00:30]} 52. Kg6 {[%emt 0:00:01]} Bd4 {[%emt 0:00:49]} 53. Rc8 {[%emt 0:00:23]} Bxg7 {[%emt 0:00:17]} 54. Kxg7 {[%emt 0:00:04]} Kb7 {[%emt 0:00:03]} 55. Rh8 {[%emt 0:00:24]} Kb6 {[%emt 0:00:09]} 56. Rb8+ {[%emt 0:00:15]} Ka5 {[%emt 0:00:13]} 57. Rc8 {[%emt 0:00:47]} Nb5 {[%emt 0:00:33]} 58. Kf6 {[%emt 0:00:53]} Kb4 {[%emt 0:00:11]} 59. Ke5 {[%emt 0:02:58]} Nc3 {[%emt 0:00:11]} 60. Ra8 {[%emt 0:00:04]} Nb5 {[%emt 0:00:17]} 61. Rb8 {[%emt 0:02:38]} Ka4 {[%emt 0:00:17]} 62. Kd5 {[%emt 0:01:28]} Kb4 {[%emt 0:00:14]} 63. Kc6 {[%emt 0:00:10]} 1-0

[Event "Anderssen Festival 2019"]
[Site "Wroclaw"]
[Date "2019.08.06"]
[Round "2.17"]
[White "Malecki, Rafal"]
[Black "Seredyn, Dominik"]
[Result "1/2-1/2"]
[WhiteElo "2063"]
[BlackElo "1737"]
[Annotator "NA"]
[PlyCount "100"]
[EventDate "2019.08.05"]
[EventType "swiss"]
[EventCountry "POL"]
[SourceTitle "playchess.com"]
[Source "ChessBase"]
[SourceQuality "1"]
[TimeControl "40/5400+30:900+30"]

1. Nf3 d5 2. g3 Nf6 3. Bg2 e6 4. O-O Be7 5. d3 b6 6. Nbd2 Bb7 7. e4 dxe4 8. Ng5 O-O 9. Ndxe4 Nxe4 10. Nxe4 Qc8 11. Re1 Nd7 12. b3 f5 13. Ng5 Bxg2 14. Kxg2 Bxg5 15. Bxg5 e5 16. Qf3 Qe8 17. Qc6 Rc8 18. a4 a5 19. Re2 Qh5 20. Rae1 f4 21. f3 e4 22. gxf4 Qxf3+ 23. Kg1 Nf6 24. Rg2 Kh8 25. Rg3 Qh5 26. Bxf6 Rxf6 27. Qxe4 Rcf8 28. Qe5 Qf7 29. Re4 Rf5 30. Qd4 Rd5 31. Qc3 Rc5 32. Qb2 Rf5 33. c4 c5 34. Rg4 h5 35. Rg3 Kh7 36. Qe2 Kh6 37. Re6+ Rf6 38. Re7 Qg8 39. Rg5 g6 40. Ree5 Rxf4 41. Qe3 Rf1+ 42. Kg2 R8f2+ 43. Qxf2 Rxf2+ 44. Kxf2 Qf8+ 45. Kg3 Qd6 46. h4 Qxd3+ 47. Kh2 Qxb3 48. Re6 Qc2+ 49. Rg2 Qf5 50. Rgxg6+ Qxg6 1/2-1/2

[Event "Anderssen Festival 2019"]
[Site "Wroclaw"]
[Date "2019.08.06"]
[Round "2.18"]
[White "Pawicka, Magdalena"]
[Black "Verwoert, Jef"]
[Result "0-1"]
[WhiteElo "1700"]
[BlackElo "2034"]
[Annotator "NA"]
[PlyCount "74"]
[EventDate "2019.08.05"]
[EventType "swiss"]
[EventCountry "POL"]
[SourceTitle "playchess.com"]
[Source "ChessBase"]
[SourceQuality "1"]
[TimeControl "40/5400+30:900+30"]

1. e4 {[%emt 0:00:00]} c5 {[%emt 0:02:39]} 2. Nf3 {[%emt 0:00:00]} g6 {[%emt 0:00:09]} 3. d4 {[%emt 0:00:00]} cxd4 {[%emt 0:00:05]} 4. Nxd4 {[%emt 0:00:00]} Nc6 {[%emt 0:00:05]} 5. c4 {[%emt 0:00:58]} Nf6 {[%emt 0:00:22]} 6. Nc3 {[%emt 0:00:48]} d6 {[%emt 0:00:23]} 7. Be2 {[%emt 0:02:44]} Nxd4 {[%emt 0:00:31]} 8. Qxd4 {[%emt 0:00:43]} Bg7 {[%emt 0:00:10]} 9. Be3 {[%emt 0:04:21]} O-O {[%emt 0:00:59]} 10. Qd2 {[%emt 0:04:42]} a5 {[%emt 0:03:45]} 11. a4 {[%emt 0:03:14]} Be6 {[%emt 0:02:31]} 12. f3 {[%emt 0:05:17]} Rc8 {[%emt 0:09:45]} 13. Nd5 {[%emt 0:01:06]} Nd7 {[%emt 0:01:58]} 14. O-O {[%emt 0:13:57]} Nc5 {[%emt 0:05:24]} 15. Ra3 {[%emt 0:02:40]} Bxd5 {[%emt 0:21:28]} 16. cxd5 {[%emt 0:01:13]} Qb6 {[%emt 0:06:16]} 17. Bd4 {[%emt 0:13:03]} Nxe4 {[%emt 0:03:52]} 18. Bxb6 {[%emt 0:00:12]} Nxd2 {[%emt 0:00:08]} 19. Rd1 {[%emt 0:00:28]} Nc4 {[%emt 0:01:23]} 20. Bxc4 {[%emt 0:01:34]} Rxc4 {[%emt 0:00:11]} 21. b3 {[%emt 0:01:05]} Rc2 {[%emt 0:00:29]} 22. Bxa5 {[%emt 0:01:37]} Bb2 {[%emt 0:00:46]} 23. Ra2 {[%emt 0:02:14]} Bd4+ {[%emt 0:00:26]} 24. Rxd4 {[%emt 0:00:09]} Rxa2 {[%emt 0:00:05]} 25. Rc4 {[%emt 0:01:24]} b5 {[%emt 0:00:18]} 26. Rb4 {[%emt 0:04:03]} Rc8 {[%emt 0:04:55]} 27. h3 {[%emt 0:00:25]} Rcc2 {[%emt 0:03:51]} 28. Rxb5 {[%emt 0:01:00]} Rxg2+ {[%emt 0:00:11]} 29. Kf1 {[%emt 0:00:37]} Rgf2+ {[%emt 0:00:42]} 30. Ke1 {[%emt 0:00:41]} Rh2 {[%emt 0:00:23]} 31. Rb8+ {[%emt 0:01:05]} Kg7 {[%emt 0:00:06]} 32. Bc3+ {[%emt 0:00:32]} f6 {[%emt 0:00:46]} 33. Kd1 {[%emt 0:00:53]} Rh1+ {[%emt 0:00:35]} 34. Be1 {[%emt 0:00:07]} Ra1+ {[%emt 0:00:12]} 35. Kd2 {[%emt 0:00:11]} Rhxe1 {[%emt 0:00:16]} 36. a5 {[%emt 0:00:11]} Red1+ {[%emt 0:01:40]} 37. Kc2 {[%emt 0:00:35]} Rxd5 {[%emt 0:00:25]} 0-1

[Event "Anderssen Festival 2019"]
[Site "Wroclaw"]
[Date "2019.08.06"]
[Round "2.19"]
[White "Smal, Tobiasz"]
[Black "Dytman, Radoslaw"]
[Result "0-1"]
[WhiteElo "2027"]
[BlackElo "1745"]
[Annotator "NA"]
[PlyCount "64"]
[EventDate "2019.08.05"]
[EventType "swiss"]
[EventCountry "POL"]
[SourceTitle "playchess.com"]
[Source "ChessBase"]
[SourceQuality "1"]
[TimeControl "40/5400+30:900+30"]

1. c4 {[%emt 0:00:38]} d6 {[%emt 0:00:00]} 2. Nc3 {[%emt 0:00:16]} e5 {[%emt 0:00:09]} 3. g3 {[%emt 0:00:25]} g6 {[%emt 0:00:44]} 4. Bg2 {[%emt 0:00:06]} Bg7 {[%emt 0:00:27]} 5. e3 {[%emt 0:02:14]} f5 {[%emt 0:00:46]} 6. d4 {[%emt 0:00:58]} e4 {[%emt 0:01:08]} 7. Nge2 {[%emt 0:01:25]} Be6 {[%emt 0:05:34]} 8. O-O {[%emt 0:03:31]} Nf6 {[%emt 0:00:52]} 9. b3 {[%emt 0:17:22]} O-O {[%emt 0:09:36]} 10. d5 {[%emt 0:03:39]} Bf7 {[%emt 0:00:23]} 11. Bb2 {[%emt 0:00:07]} Nbd7 {[%emt 0:02:29]} 12. Nd4 {[%emt 0:17:22]} Qe7 {[%emt 0:08:43]} 13. Nce2 {[%emt 0:02:31]} Nh5 {[%emt 0:15:29]} 14. b4 {[%emt 0:07:39]} Ne5 {[%emt 0:04:25]} 15. Qb3 {[%emt 0:00:30]} c6 {[%emt 0:10:48]} 16. Rfd1 {[%emt 0:02:15]} Nd3 {[%emt 0:11:19]} 17. dxc6 {[%emt 0:03:33]} b5 {[%emt 0:00:18]} 18. Nc1 {[%emt 0:05:58]} Bxc4 {[%emt 0:02:43]} 19. Qa3 {[%emt 0:02:56]} Nxb2 {[%emt 0:04:07]} 20. Qxb2 {[%emt 0:00:13]} g5 {[%emt 0:02:19]} 21. Bf1 {[%emt 0:07:40]} Qf7 {[%emt 0:11:12]} 22. Bxc4 {[%emt 0:01:15]} bxc4 {[%emt 0:00:12]} 23. Nce2 {[%emt 0:11:11]} f4 {[%emt 0:04:10]} 24. exf4 {[%emt 0:00:11]} gxf4 {[%emt 0:00:25]} 25. g4 {[%emt 0:03:02]} f3 {[%emt 0:01:35]} 26. Nc3 {[%emt 0:03:12]} Qg6 {[%emt 0:01:04]} 27. Kh1 {[%emt 0:00:16]} Nf4 {[%emt 0:00:46]} 28. Qd2 {[%emt 0:01:36]} Be5 {[%emt 0:01:00]} 29. Rg1 {[%emt 0:00:17]} Nh3 {[%emt 0:00:59]} 30. Nd5 {[%emt 0:00:47]} Qf7 {[%emt 0:00:41]} 31. Nf5 {[%emt 0:00:06]} Kh8 {[%emt 0:00:32]} 32. Qh6 {[%emt 0:01:17]} Nxf2# 0-1

[Event "Anderssen Festival 2019"]
[Site "Wroclaw"]
[Date "2019.08.06"]
[Round "2.20"]
[White "Kurtycz, Maciej"]
[Black "Czyz, Andrzej"]
[Result "1/2-1/2"]
[WhiteElo "1689"]
[BlackElo "2000"]
[Annotator "NA"]
[PlyCount "128"]
[EventDate "2019.08.05"]
[EventType "swiss"]
[EventCountry "POL"]
[SourceTitle "playchess.com"]
[Source "ChessBase"]
[SourceQuality "1"]
[TimeControl "40/5400+30:900+30"]

1. e4 d5 2. exd5 Nf6 3. Bb5+ Bd7 4. Be2 Nxd5 5. c4 Nf4 6. g3 Nxe2 7. Nxe2 Bc6 8. Rg1 Qd3 9. Qb3 Qxb3 10. axb3 Na6 11. d4 Nb4 12. Kf1 e6 13. Nbc3 a6 14. Be3 O-O-O 15. Rd1 Be7 16. f4 Rd7 17. Kf2 f6 18. Rd2 b6 19. Rgd1 g5 20. f5 exf5 21. d5 Bb7 22. Nd4 f4 23. gxf4 gxf4 24. Bxf4 Bc5 25. Ne4 Bxd4+ 26. Rxd4 Rf8 27. Rg1 f5 28. Ng5 Rg8 29. Ne6 Rg6 30. h4 Rxg1 31. Kxg1 c6 32. d6 c5 33. Rd2 Be4 34. Nf8 Rg7+ 35. Kh2 Bc6 36. Bg5 Bd7 37. Be7 Nc6 38. Nxd7 Kxd7 39. Rd5 Nd4 40. Bf6 Rg4 41. Kh3 Re4 42. Bxd4 cxd4 43. b4 d3 44. c5 bxc5 45. bxc5 Rc4 46. Rxd3 Rxc5 47. Ra3 Rc6 48. Ra5 Rxd6 49. Rxf5 Kc6 50. Kg4 Rd2 51. Rf6+ Kb5 52. Rf7 h6 53. Kh5 Kb6 54. Rf6+ Kb7 55. Kxh6 Rxb2 56. h5 a5 57. Kg7 a4 58. Rf4 a3 59. Ra4 Rg2+ 60. Kf7 a2 61. h6 Rh2 62. Rxa2 Rxa2 63. h7 Rh2 64. Kg7 Rxh7+ 1/2-1/2

[Event "Anderssen Festival 2019"]
[Site "Wroclaw"]
[Date "2019.08.06"]
[Round "3.1"]
[White "Snihur, Piotr"]
[Black "Gutenev, Alexander"]
[Result "1/2-1/2"]
[WhiteElo "2256"]
[BlackElo "2470"]
[Annotator "ChessBase"]
[PlyCount "195"]
[EventDate "2019.08.05"]
[EventType "swiss"]
[EventCountry "POL"]
[SourceTitle "playchess.com"]
[Source "ChessBase"]
[SourceQuality "1"]
[TimeControl "40/5400+30:900+30"]

1. d4 {[%emt 0:00:00]} Nf6 {[%emt 0:00:00]} 2. c4 {[%emt 0:00:00]} g6 {[%emt 0:00:00]} 3. f3 {[%emt 0:00:05]} d5 {[%emt 0:00:00]} 4. cxd5 {[%emt 0:00:33]} Nxd5 {[%emt 0:00:00]} 5. e4 {[%emt 0:00:22]} Nb6 {[%emt 0:00:00]} 6. Nc3 {[%emt 0:01:09]} Bg7 {[%emt 0:00:06]} 7. Be3 {[%emt 0:00:24]} O-O {[%emt 0:00:08]} 8. Qd2 {[%emt 0:00:33]} e5 {[%emt 0:00:52]} 9. O-O-O {[%emt 0:04:20]} exd4 {[%emt 0:00:28]} 10. Bxd4 {[%emt 0:00:11]} Bxd4 {[%emt 0:00:15]} 11. Qxd4 {[%emt 0:00:07]} Qxd4 {[%emt 0:00:05]} 12. Rxd4 {[%emt 0:00:15]} Nc6 {[%emt 0:00:06]} 13. Rd1 {[%emt 0:01:14]} Be6 {[%emt 0:00:06]} 14. Nge2 {[%emt 0:07:14]} Rfd8 {[%emt 0:00:08]} 15. Rxd8+ {[%emt 0:00:44]} Rxd8 {[%emt 0:00:08]} 16. Nf4 {[%emt 0:00:14]} a6 {[%emt 0:00:19]} 17. Be2 {[%emt 0:01:42]} Nd4 {[%emt 0:00:17]} 18. Rd1 {[%emt 0:04:17]} c5 {[%emt 0:04:39]} 19. Nxe6 {[%emt 0:07:18]} fxe6 {[%emt 0:00:11]} 20. f4 {[%emt 0:00:25]} Kf7 {[%emt 0:01:05]} 21. Bg4 {[%emt 0:03:43]} Nc4 {[%emt 0:05:17]} 22. Re1 {[%emt 0:02:00]} Ke7 {[%emt 0:01:16]} 23. b3 {[%emt 0:05:29]} Na3 {[%emt 0:00:36]} 24. Kb2 {[%emt 0:04:39]} Nac2 {[%emt 0:00:18]} 25. Rc1 {[%emt 0:03:51]} Ne3 {[%emt 0:01:35]} 26. Bh3 {[%emt 0:01:32]} Nc6 {[%emt 0:01:21]} 27. Na4 {[%emt 0:01:33]} c4 {[%emt 0:06:23]} 28. Nc5 {[%emt 0:10:30]} Rd2+ {[%emt 0:02:28]} 29. Kc3 {[%emt 0:04:57]} Rxa2 {[%emt 0:00:10]} 30. Nxb7 {[%emt 0:00:20]} Nxg2 {[%emt 0:04:03]} 31. Bxg2 {[%emt 0:01:11]} Rxg2 {[%emt 0:00:04]} 32. Kxc4 {[%emt 0:00:20]} Rxh2 {[%emt 0:00:37]} 33. Kc5 {[%emt 0:02:03]} Nb8 {[%emt 0:01:08]} 34. Kb6 {[%emt 0:04:30]} Nd7+ {[%emt 0:04:54]} 35. Kxa6 {[%emt 0:01:35]} e5 {[%emt 0:00:05]} 36. fxe5 {[%emt 0:04:55]} Nxe5 {[%emt 0:00:59]} 37. b4 {[%emt 0:01:30]} g5 {[%emt 0:02:36]} 38. b5 {[%emt 0:11:35]} g4 {[%emt 0:00:04]} 39. Na5 {[%emt 0:02:54]} g3 {[%emt 0:01:07]} 40. Rg1 {[%emt 0:00:00]} Ra2 {[%emt 0:00:00]} 41. Rxg3 {[%emt 0:02:06]} Nc4 {[%emt 0:03:18]} 42. Rg7+ {[%emt 0:04:14]} Ke6 {[%emt 0:00:05]} 43. Rxh7 {[%emt 0:00:34]} Rxa5+ {[%emt 0:00:05]} 44. Kb7 {[%emt 0:00:13]} Rxb5+ {[%emt 0:00:03]} 45. Kc6 {[%emt 0:00:18]} Rg5 {[%emt 0:00:11]} 46. Ra7 {[%emt 0:01:43]} Nd2 {[%emt 0:01:00]} 47. Ra8 {[%emt 0:00:20]} Ke7 {[%emt 0:00:58]} 48. Ra7+ {[%emt 0:01:34]} Kf6 {[%emt 0:00:05]} 49. Ra4 {[%emt 0:01:33]} Re5 {[%emt 0:00:18]} 50. Rd4 {[%emt 0:02:40]} Nxe4 {[%emt 0:00:08]} 51. Rd3 {[%emt 0:00:36]} Ke6 {[%emt 0:00:09]} 52. Rd4 {[%emt 0:00:15]} Nf6 {[%emt 0:01:00]} 53. Rd6+ {[%emt 0:00:33]} Kf5 {[%emt 0:00:13]} 54. Rd1 {[%emt 0:00:21]} Re2 {[%emt 0:00:03]} 55. Kc5 {[%emt 0:02:19]} Re8 {[%emt 0:00:09]} 56. Rf1+ {[%emt 0:01:42]} Ke5 {[%emt 0:00:05]} 57. Re1+ {[%emt 0:00:06]} Ne4+ {[%emt 0:00:04]} 58. Kc4 {[%emt 0:00:33]} Rc8+ {[%emt 0:00:04]} 59. Kb5 {[%emt 0:00:09]} Rc2 {[%emt 0:00:39]} 60. Kb4 {[%emt 0:00:50]} Kd4 {[%emt 0:00:41]} 61. Rd1+ {[%emt 0:00:23]} Nd2 {[%emt 0:00:06]} 62. Kb5 {[%emt 0:00:30]} Kd3 {[%emt 0:00:11]} 63. Kb6 {[%emt 0:00:30]} Ke4 {[%emt 0:01:32]} 64. Rh1 {[%emt 0:00:47]} Nf3 {[%emt 0:00:15]} 65. Rh8 {[%emt 0:00:35]} Ne5 {[%emt 0:00:12]} 66. Rd8 {[%emt 0:00:45]} Rc1 {[%emt 0:00:20]} 67. Kb5 {[%emt 0:00:51]} Nc6 {[%emt 0:00:13]} 68. Rh8 {[%emt 0:01:03]} Nd4+ {[%emt 0:00:11]} 69. Kb4 {[%emt 0:00:23]} Nf5 {[%emt 0:00:40]} 70. Rd8 {[%emt 0:00:43]} Rc7 {[%emt 0:00:27]} 71. Re8+ {[%emt 0:01:55]} Ne7 {[%emt 0:00:08]} 72. Kb5 {[%emt 0:00:26]} Kd4 {[%emt 0:00:06]} 73. Rd8+ {[%emt 0:01:42]} Nd5 {[%emt 0:00:05]} 74. Rh8 {[%emt 0:00:40]} Rc5+ {[%emt 0:00:07]} 75. Ka6 {[%emt 0:00:42]} Nf6 {[%emt 0:01:23]} 76. Rh4+ {[%emt 0:01:07]} Kd5 {[%emt 0:00:06]} 77. Rh6 {[%emt 0:00:34]} Nd7 {[%emt 0:00:25]} 78. Rh5+ {[%emt 0:00:12]} Ne5 {[%emt 0:00:05]} 79. Kb6 {[%emt 0:00:25]} Rc1 {[%emt 0:00:07]} 80. Rh2 {[%emt 0:00:31]} Nd7+ {[%emt 0:00:19]} 81. Kb7 {[%emt 0:00:35]} Nf6 {[%emt 0:00:06]} 82. Rh6 {[%emt 0:02:43]} Rc6 {[%emt 0:00:36]} 83. Rh1 {[%emt 0:00:13]} Kd6 {[%emt 0:00:11]} 84. Rh6 {[%emt 0:00:45]} Kd7 {[%emt 0:00:06]} 85. Rg6 {[%emt 0:00:23]} Rd6 {[%emt 0:00:17]} 86. Rh6 {[%emt 0:01:06]} Ke7 {[%emt 0:01:24]} 87. Rg6 {[%emt 0:00:25]} Re6 {[%emt 0:00:39]} 88. Rh6 {[%emt 0:00:47]} Kd6 {[%emt 0:00:04]} 89. Rg6 {[%emt 0:00:33]} Kc5 {[%emt 0:00:04]} 90. Rg1 {[%emt 0:00:51]} Re7+ {[%emt 0:00:08]} 91. Ka6 {[%emt 0:00:22]} Re6+ {[%emt 0:01:29]} 92. Kb7 {[%emt 0:00:50]} Rb6+ {[%emt 0:00:07]} 93. Kc7 {[%emt 0:00:39]} Nd5+ {[%emt 0:00:09]} 94. Kd7 {[%emt 0:00:20]} Rd6+ {[%emt 0:00:02]} 95. Ke8 {[%emt 0:00:24]} Rf6 {[%emt 0:00:03]} 96. Ra1 {[%emt 0:00:57]} Kd6 {[%emt 0:00:13]} 97. Ra6+ {[%emt 0:00:17]} Kc7 {[%emt 0:00:06]} 98. Rxf6 {[%emt 0:00:05]} 1/2-1/2

[Event "Anderssen Festival 2019"]
[Site "Wroclaw"]
[Date "2019.08.06"]
[Round "3.2"]
[White "Chernyshov, Konstantin"]
[Black "Nowak, Mikolaj"]
[Result "1-0"]
[WhiteElo "2446"]
[BlackElo "2230"]
[Annotator "NA"]
[PlyCount "69"]
[EventDate "2019.08.05"]
[EventType "swiss"]
[EventCountry "POL"]
[SourceTitle "playchess.com"]
[Source "ChessBase"]
[SourceQuality "1"]
[TimeControl "40/5400+30:900+30"]

1. d4 {[%emt 0:00:00]} e6 {[%emt 0:00:00]} 2. c4 {[%emt 0:00:00]} Bb4+ {[%emt 0:00:00]} 3. Bd2 {[%emt 0:00:06]} Qe7 {[%emt 0:00:00]} 4. e4 {[%emt 0:03:44]} b6 {[%emt 0:04:03]} 5. Bd3 {[%emt 0:02:45]} Bb7 {[%emt 0:02:24]} 6. a3 {[%emt 0:00:34]} Bxd2+ {[%emt 0:00:16]} 7. Nxd2 {[%emt 0:00:06]} d6 {[%emt 0:00:50]} 8. Ngf3 {[%emt 0:03:19]} e5 {[%emt 0:04:33]} 9. O-O {[%emt 0:02:27]} Nf6 {[%emt 0:03:13]} 10. c5 {[%emt 0:03:08]} dxc5 {[%emt 0:02:51]} 11. dxc5 {[%emt 0:01:54]} Qxc5 {[%emt 0:00:59]} 12. Rc1 {[%emt 0:11:46]} Qe7 {[%emt 0:02:02]} 13. Nc4 {[%emt 0:00:05]} Nbd7 {[%emt 0:15:07]} 14. Ne3 {[%emt 0:02:31]} O-O-O {[%emt 0:01:11]} 15. Nf5 {[%emt 0:13:12]} Qf8 {[%emt 0:01:05]} 16. Qc2 {[%emt 0:00:11]} c5 {[%emt 0:01:33]} 17. a4 {[%emt 0:00:09]} Ne8 {[%emt 0:14:22]} 18. a5 {[%emt 0:05:37]} g6 {[%emt 0:06:45]} 19. Ne3 {[%emt 0:00:25]} Nd6 {[%emt 0:01:26]} 20. axb6 {[%emt 0:01:09]} axb6 {[%emt 0:00:11]} 21. b4 {[%emt 0:00:17]} Qe7 {[%emt 0:09:10]} 22. Nd2 {[%emt 0:00:53]} f5 {[%emt 0:04:42]} 23. Nec4 {[%emt 0:03:18]} Nxc4 {[%emt 0:05:10]} 24. Nxc4 {[%emt 0:02:29]} Kb8 {[%emt 0:02:17]} 25. Rfe1 {[%emt 0:09:41]} f4 {[%emt 0:01:21]} 26. Na3 {[%emt 0:08:48]} f3 {[%emt 0:06:07]} 27. Nb5 {[%emt 0:03:15]} Bc6 {[%emt 0:01:12]} 28. Ra1 {[%emt 0:06:45]} Nf6 {[%emt 0:01:17]} 29. Ra6 {[%emt 0:00:23]} Qb7 {[%emt 0:01:23]} 30. Ra7 {[%emt 0:02:22]} Qc8 {[%emt 0:00:47]} 31. Qa4 {[%emt 0:01:35]} Rd7 {[%emt 0:03:40]} 32. Ra1 {[%emt 0:00:17]} Bxb5 {[%emt 0:01:37]} 33. Bxb5 {[%emt 0:01:14]} Rhd8 {[%emt 0:00:26]} 34. Ra8+ {[%emt 0:01:20]} Kb7 {[%emt 0:00:14]} 35. Qa7# {[%emt 0:00:09]} 1-0